LEADER 01442nam a2200325 u 4500 001 000000119744 003 CaOOAMICUS 005 20100203125215.0 008 100203m19049999gw u000 u ger r 040 $aPUL$bita$dMCT 041 1 $ager$agrc 100 0 $aAristoteles,$d384-322 a.C.$0(OLS)http://pul/name/792 240 10$aMetaphysica.$lTedesco.$0(OLS)http://pul/title/150663 245 10$aAristoteles' Metaphysik /$cÜbersetzt und mit einer Einleitung und erklärenden Anmrkungen versehen von dr. theol. Eug. Rolfes. 260 $aLeipzig :$bVerlag der Dürr'schen Buchhandlung,$c1908- 300 $a2 v. ;$c20 cm 490 1 $aPhilosophische Bibliothek ;$vBd. 2 500 $aInclude indice. 505 1 $av. 1. Buch I-VII. 700 1 $aRolfes, Eugen,$d1852-1932.$0(OLS)http://pul/name/59237 700 1 $aSeidl, Horst.$0(OLS)http://pul/name/21091 830 0$aPhilosophische Bibliothek ;$vBd. 2.$0(OLS)http://pul/title/13177 850 $aPUL 852 $aPUL$W1$xDP1 Filosofia 1$y19$m590 B 28$j137386$av. 1$qStampati$B136462$CPULBib$Z2$F136462 $H54634 $82 900 $aAristotle,$d 384-322 a.C.$9792 900 $aAristotele,$d384-322 a.C.$9792 941 1 $a8 961 $aTimbro: Biblioteca Collegio Apostolico Leoniano. 996 $6245$aAristoteles' Metaphysik$9(OLS)http://pul/title/77605 996 $6260$aLeipzig :$bVerlag der Dürr'schen Buchhandlung$9(OLS)http://pul/publisher/81119 LEADER 01276nam a2200313 u 4500 001 000000059970 003 CaOOAMICUS 005 20070226120847.0 008 010709s1991 it u000 u ita u 020 $a8838417237 035 $a10896615 040 $aPUL$bita 100 1 $aColzani, Gianni,$csac.,$d1964-$0(OLS)http://pul/name/12634 245 10$aAntropologia cristiana :$bil dono e la responsabilità /$cGianni Colzani. 260 $aCasale Monferrato :$bPiemme,$cc1991. 300 $a158 p. ;$c21 cm 490 1 $aManuali di base ;$v23 490 1 $aTeologia e scienze religiose 504 $aBibliografia in nota. 650 4$aAntropologia.$0(OLS)http://pul/subject/1028 830 0$aTeologia e scienze religiose.$0(OLS)http://pul/title/8594 830 0$aManuali di base (Piemme) ;$v23.$0(OLS)http://pul/title/8595 850 $aPUL 852 $aPUL$W1$xSL Religione 1$y3$m57 A 56$j78148$nBK-PRI$b $qStampati$B78148$CPULBib$Z2$F78148 $H $81 941 1 $a8 961 $aINV: 67212 996 $6020$a8838417237$9(OLS)http://pul/number/76747 996 $6245$aAntropologia cristiana :$bil dono e la responsabilità$9(OLS)http://pul/title/80216 996 $6260$aCasale Monferrato :$bPiemme$9(OLS)http://pul/publisher/51813